000 00537nam a22002057a 4500
005 20240129145341.0
010 _aENG-139062
020 _a9789359677026
_c3000.00
035 _aEN-122594
037 _bDBAD/PUB
082 _a921
_21
100 _aMandal, S.R
_961389
245 _aRenaissance/
_cS.R. Mandal
250 _a1
260 _aWest Bangol
_bBY Author
_c2023
270 _a46/40,S.N.Banerjee Street
_bKolkata
_e700014
300 _a129 p.
_c29 cm(hbk)
700 _961376
942 _2ddc
_cEN
_h921
_mMAN
999 _c200431
_d200431